000 00845nas a2200277 4500
001 BR7700234
003 BR-BrBNA
005 20231205083036.0
007 ta
008 230509b bl.|||p| |||| 00| 00por d
040 _aBR-BrBNA
_bpor
_cBiblioteca Nacional de Agricultura
041 _a(Pt)
072 _aL73
100 1 _aGuimaraes, M.P.
100 1 _aCosta, H.M.A.
100 1 _aCosta, J.O.
100 1 _aLara, S.I.M.
100 1 _aFreitas, M.G.
245 1 _aHelmintos parasitos de ovinos da microrregiao de Patos de Minas - Brasil
650 _aVERMINOSE
650 _aOVINO
650 _aMINAS GERAIS
773 0 _tArquivos da Escola de Veterinaria da Universidade Federal de Minas Gerais (Brazil)
_xISSN 0365-8384
_g(1976), v. 28(2) p. 217-219
_wBR7700234
909 _a202311
_bLúcia
_c55
_dLúcia Elande
942 _2AGRIS
_n0
_cANA
999 _c95976
_d95976